00409nam a2200169Ia 4500008004100000041000800041082000900049100002400058245005000082250000600132260004400138300000900182365000800191500001500199520001200214650001300226230512s9999 xx 000 0 und d aeng a4.62 aWRIGHT G/ STEVENS W aTCP/IP ILLUSTRATED VOL II- THE IMPLEMENTATION a1 bPEARSON EDUCATION PVT. LTD. DELHI110092 a1174 b472 aPaper Back aGeneral aComputer